| 000 | 00504nam a2200205Ia 4500 | ||
|---|---|---|---|
| 001 | 69866 | ||
| 008 | 151205s9999||||xx |||||||||||||| ||und|| | ||
| 020 | _a9780071795531 | ||
| 040 | _cPK-LaUMT | ||
| 082 |
_a515 _bAYR-S |
||
| 100 | _aAyres, Frank | ||
| 245 |
_aSchaum's outlines calculus _cAyres, Frank|Mendelson, Elliott |
||
| 250 | _a6th | ||
| 260 |
_aNew York,USA: _bMcGraw-Hill, _c2013 |
||
| 300 | _a534 p. | ||
| 546 | _aEN | ||
| 650 | _aCalculus | ||
| 700 | _aMendelson, Elliott | ||
| 942 | _cBK | ||
| 999 |
_c80345 _d80345 |
||